Zahraničné ceny. Praktikum /

Salvato in:
Dettagli Bibliografici
Autori principali: Holková, Vieroslava (Autore), Jentnerová, Stanislava (Autore)
Natura: Libro
Pubblicazione: Bratislava : Vysoká škola ekonomická, Bratislava, 1990
Tags: Aggiungi Tag
Nessun Tag, puoi essere il primo ad aggiungerne!!

MARC

LEADER 00000nam a22000003a 4500
001 stu16656
005 20150617225758.6
008 ------s1990----cs----------------------d
040 |a STU  |b slo 
041 0
044 |a cs 
080 |a 339.72(075.8) 
100 1 |a Holková, Vieroslava  |4 aut 
245 1 |a Zahraničné ceny. Praktikum /  |c [aut.]Holková,Vieroslava, Jentnerová,Stanislava 
260 |a Bratislava :  |b Vysoká škola ekonomická, Bratislava,  |c 1990 
300 |a 130 s :  |b Tab.,grafy 
700 1 |a Jentnerová, Stanislava  |4 aut 
996 |b CB1030  |c C*B1030  |l CCXIV  |s P  |a 0  |w stu16656_0001 
996 |b CB1072  |c C*B1072  |l CCXIV  |s P  |a 0  |w stu16656_0002